သွင်ၽႃသႃၵမ်မိုဝ်း ၵႂၢမ်းမၼ် ၵၢမ်းတႆး / (Record no. 26037)

000 -LEADER
fixed length control field 00947nam a22002057a 4500
003 - CONTROL NUMBER IDENTIFIER
control field OSt
005 - DATE AND TIME OF LATEST TRANSACTION
control field 20260124085409.0
008 - FIXED-LENGTH DATA ELEMENTS--GENERAL INFORMATION
fixed length control field 230620b ||||| |||| 00| 0 eng d
040 ## - CATALOGING SOURCE
Transcribing agency SSBUL
082 ## - DEWEY DECIMAL CLASSIFICATION NUMBER
Edition number 23
Classification number 495.9191
100 0# - MAIN ENTRY--PERSONAL NAME
Personal name ပညာဘောဂ၊
Titles and words associated with a name ၸဝ်ႈတုၼ်လုင်မႁႃၼႃယၵ၊ ဥုး။
245 10 - TITLE STATEMENT
Title သွင်ၽႃသႃၵမ်မိုဝ်း ၵႂၢမ်းမၼ် ၵၢမ်းတႆး /
Remainder of title ၸဝ်ႈတုၼ်လုင်မႁႃၼႃယၵ ပၺ်ႇၺႃႇၽေႃးၵ။
260 ## - PUBLICATION, DISTRIBUTION, ETC.
Place of publication, distribution, etc. တႃႈၵုင်ႈ၊
Name of publisher, distributor, etc. ပလႄး ၸႃႇပေႇတၢႆႉ၊
Date of publication, distribution, etc. 1968 ။
300 ## - PHYSICAL DESCRIPTION
Extent ထ၊ 196 ၼႃႈ၊
Dimensions 18 ၸိၼ်ႇတီႇ။
500 ## - GENERAL NOTE
General note S-SAT: Dr. Prof Sai Aung Tun
650 ## - SUBJECT ADDED ENTRY--TOPICAL TERM
Topical term or geographic name entry element ၵႂၢမ်းလၢတ်ႈတႆး - ၵႂၢမ်းလၢတ်ႈမၢၼ်ႈ
942 ## - ADDED ENTRY ELEMENTS (KOHA)
Koha item type Books (Long term)
100 0# - MAIN ENTRY--PERSONAL NAME
9 (RLIN) 65676
650 ## - SUBJECT ADDED ENTRY--TOPICAL TERM
9 (RLIN) 65677
Source of classification or shelving scheme
Source of classification or shelving scheme
Holdings
Withdrawn status Lost status Source of classification or shelving scheme Damaged status Not for loan Collection Code Permanent Location Current Location Shelving location Date acquired Total Checkouts Full call number Barcode Date last seen Date last checked out Price effective from Koha item type Accession
          Special Collections Shan State Buddhist University Library Shan State Buddhist University Library Special Collection Shelves 20/06/2023 1 495.9191 ပ ႒႔႙႕ S_SAT SH00002495 18/09/2024 09/09/2024 20/06/2023 Books (Long term) ႒႔႙႕ S_SAT

Library - 09407999929
Admin Office - 09407999979
Dean Office - 09250910768
Registrar Office - 09892297154
Email - [email protected]
Shan State Buddhist University, Phaya Phyu Taunggyi, Shan State, Myanmar.